Matematika

Salvato in:
Dettagli Bibliografici
Autore principale: Fecenko, Jozef
Ente Autore: Ekonomická univerzita v Bratislave. Fakulta hospodárskej informatiky
Natura: Libro
Lingua:slovacco
Pubblicazione: Bratislava Ekonóm 1997
Edizione:2. uprav. vyd.
Soggetti:
Tags: Aggiungi Tag
Nessun Tag, puoi essere il primo ad aggiungerne!!

MARC

LEADER 00000nam a2200000 4500
001 0074371
005 20181130102100.2
020 |a 80-225-0928-0 
041 0 |a slo 
044 |a SK 
245 1 0 |a Matematika  |c Jozef Fecenko 
250 |a 2. uprav. vyd. 
264 1 |a Bratislava  |b Ekonóm  |c 1997 
300 |a 219 s. 
610 2 0 |a matematika 
100 1 |a Fecenko, Jozef 
710 2 |a Ekonomická univerzita v Bratislave. Fakulta hospodárskej informatiky